La leyenda de Sigfrido (Record no. 15838)

MARC details
000 -LEADER
campo de control de longitud fija 00262nam a2200109Ia 4500
005 - FECHA Y HORA DE LA ÚLTIMA TRANSACCIÓN
campo de control 20251222143314.0
008 - DATOS DE LONGITUD FIJA--INFORMACIÓN GENERAL
campo de control de longitud fija 251222s9999||||xx |||||||||||||| ||spa||
082 ## - NÚMERO DE LA CLASIFICACIÓN DECIMAL DEWEY
Número de clasificación 808.803/M86
100 ## - ENTRADA PRINCIPAL--NOMBRE DE PERSONA
Nombre de persona "Morales, María Luz"
245 #0 - MENCIÓN DEL TÍTULO
Título La leyenda de Sigfrido
942 ## - ELEMENTOS DE ENTRADA SECUNDARIOS (KOHA)
Tipo de ítem Koha Libros
Holdings
Estatus retirado Estado de pérdida Estado de daño No para préstamo Biblioteca de origen Biblioteca actual Ubicación en estantería Fecha de adquisición Total de préstamos Signatura topográfica completa Código de barras Visto por última vez Precio de reemplazo Tipo de ítem Koha
        Biblioteca Central Biblioteca Central Programa 22/12/2025   808.803/M86 0023442 22/12/2025 22/12/2025 Libros